Auswahlbibliographie zum Flüchtlings- und Zwangswanderungsproblem
| Titel: | Auswahlbibliographie zum Flüchtlings- und Zwangswanderungsproblem : Schriften, ersch. ... / Forschungsgesellschaft für das Weltflüchtlingsproblem |
|---|---|
| Veröffentlicht: | Wien : Braumüller, 1982-1985 |
| Erscheinungsverlauf: | 1979/82(1982); 1979/82(1984); 1979/82(1985); damit Ersch. eingest. |
| Format: | Zeitschrift, Zeitung |
| Sprache: | Deutsch |
X
| Lokale Klassifikation: | 1 3 H |
|---|
alg: 4752538 001A $06050:19-06-96 001B $01999:10-03-23 $t18:12:34.000 001D $06050:09-10-15 001U $0utf8 001X $00 002@ $0Abvc 002C $aText $btxt $2rdacontent 002D $aohne Hilfsmittel zu benutzen $bn $2rdamedia 002E $aBand $bnc $2rdacarrier 003@ $004752538X 003O $01184790268 $aOCoLC 006U $085,A32,0110 006Z $0350913-8 007A $0350913-8 $aZDB 010@ $ager 011@ $a1982 $b1985 $n1982-1985 013D $RPresse $RFortlaufendes Sammelwerk $#Periodicals $#Yearbooks $#Périodiques $#Annuaires $#Publicaciones periódicas $#journals $#Periodical $#Periodicals as Topic $#Zeitschrift $#Zeitschrift $#Periodikum $#Zeitschriften $74067488-5 $8Zeitschrift [Tsz] $9085189774 013D $RVerzeichnis $RInformationsmittel $RKatalog $RLiteraturbericht $RNeuerwerbungsliste $RBibliograf $RBibliografin $#Bibliography $#Bibliographie $#Bibliography, Critical $#Bibliographie critique $#Bibliographie $#Abstract Formschlagwort $#Bücherverzeichnis $#Literaturdokumentation Formschlagwort $#Literaturverzeichnis $#Publikationen Formschlagwort $#Repertorium Bibliografie $#Werke Formschlagwort $#Bibliografien $#Bibliographien $74006432-3 $8Bibliografie [Ts1] $9085009210 013H $0bi 018@ $0z 021A $aAuswahlbibliographie zum Flüchtlings- und Zwangswanderungsproblem $dSchriften, ersch. ... $hForschungsgesellschaft für das Weltflüchtlingsproblem 031@ $a1979/82(1982); 1979/82(1984); 1979/82(1985); damit Ersch. eingest. 031N $0 $01979/82 $0 $01979/82 $j1979/82 033A $pWien $nBraumüller 039S $a1979/82=1 von $8--Abvc--Association for the Study of the World Refugee Problem [Tb1]. AWR Bulletin. Beiheft $9047525401 039S $a1979/82=15 von $8--Abvc--. Abhandlungen zu Flüchtlingsfragen $904846905X 044F $aFlüchtling / Bibliographie 044F $aFlüchtling / Recht / Bibliographie 045E $a19 $a03 $a64 $a14 045U $e360 $e320 046L $aErsch. in mehreren inhaltsgleichen Ausg. 046P $aErsch. unregelmäßig lok: 4752538 24 101B $009-09-05 $t10:19:40.000 145S/01 $a572 145S/02 $a580 145Z/01 $a1 3 H 101U $0utf8 exp: 4752538 24 1 #EPN 201B/01 $006-03-09 $t08:33:31.000 201U/01 $0utf8 203@/01 $0086590146 208@/01 $a07-10-98 $bp 209A/01 $a1 III HZ 5 $f050 $h1 3 HZ 5 $x00 209E/01 $a1979/82(1984) $x02 220C/01 $aR. - O//06.03.09//Ho-Sz 231@/01 $j1979 247C/01 $8358050-7Marburg, Bibliothek des Herder-Instituts Marburg $9102600961
| LEADER | 00000cas a2200000 c 4500 | ||
|---|---|---|---|
| 001 | 04752538X | ||
| 003 | DE-603 | ||
| 005 | 20230310181234.0 | ||
| 007 | tu | ||
| 008 | 960619d19821985xx z| p| b 0 |1ger c | ||
| 015 | |a 85,A32,0110 |2 dnb | ||
| 016 | 7 | |2 DE-600 |a 350913-8 | |
| 035 | |a (DE-599)ZDB350913-8 | ||
| 035 | |a (OCoLC)1184790268 | ||
| 040 | |a DE-603 |b ger |c DE-603 |d DE-603 | ||
| 041 | |a ger | ||
| 084 | |a 19 |a 03 |a 64 |a 14 |q DE-101 |2 sdnb | ||
| 084 | |a 360 |a 320 |q DE-600 |2 sdnb | ||
| 245 | 0 | 0 | |a Auswahlbibliographie zum Flüchtlings- und Zwangswanderungsproblem |b Schriften, ersch. ... |c Forschungsgesellschaft für das Weltflüchtlingsproblem |
| 264 | 3 | 1 | |a Wien |b Braumüller |c 1982-1985 |
| 336 | |a Text |b txt |2 rdacontent | ||
| 337 | |a ohne Hilfsmittel zu benutzen |b n |2 rdamedia | ||
| 338 | |a Band |b nc |2 rdacarrier | ||
| 362 | 0 | |a 1979/82(1982); 1979/82(1984); 1979/82(1985); damit Ersch. eingest. | |
| 363 | 0 | 0 | |8 1.1\x |i 1979/82 |
| 363 | 0 | 0 | |8 2.1\x |i 1979/82 |
| 363 | 0 | 0 | |8 3.1\x |i 1979/82 |
| 515 | |a Ersch. unregelmäßig | ||
| 546 | |a Ersch. in mehreren inhaltsgleichen Ausg. | ||
| 650 | 7 | |a Flüchtling / Bibliographie |2 local | |
| 650 | 7 | |a Flüchtling / Recht / Bibliographie |2 local | |
| 655 | 7 | |a Zeitschrift |2 gnd-content |0 (DE-588)4067488-5 |0 (DE-603)085189774 | |
| 655 | 7 | |a Bibliografie |2 gnd-content |0 (DE-588)4006432-3 |0 (DE-603)085009210 | |
| 787 | 0 | 8 | |i 1979/82=1 von |a Association for the Study of the World Refugee Problem |t AWR Bulletin. Beiheft |w (DE-603)047525401 |w (DE-600)350914-X |
| 787 | 0 | 8 | |i 1979/82=15 von |t Abhandlungen zu Flüchtlingsfragen |w (DE-603)04846905X |w (DE-600)989802-5 |
| 924 | 0 | |9 Mb 50 |a (DE-603)086590146 |b DE-Mb50 |c HES |d c |g 1 III HZ 5 |q 1979 |z 1979/82(1984) | |


